People - Sudden Death #1 - Statistics

General Stats
  • This quiz has been taken 313 times
  • The average score is 9 of 15
Answers on the Grid
Answers color-coded by a green-red scale on the quiz's grid according to % correct below.
Aberforth Dumbledore
Abraham Lincoln
Alexander the Great
Ariadne Oliver
Arthur Hastings
Axl Rose
Ben Kingsley
Brian Braddock
Charles Dickens
Chris Evans
Chris Rose
David Bowie
Floyd Lawton
Harry Potter
Jimmy Donaldson
Johnny Blaze
Kai Cenat
Karl Marx
Katniss Everdeen
Natalie Portman
Oliver Twist
Orville Wright
Percy Jackson
Samwise Gamgee
Stephen King
Thomas Hewitt Jones
Tom Sawyer
Vance Astrovik
Wanda Maximoff
Yelena Belova
 
Answer Stats
Answer % Correct
Abraham Lincoln
93%
Alexander the Great
91%
David Bowie
81%
Charles Dickens
80%
Natalie Portman
80%
Chris Evans
79%
Karl Marx
79%
Stephen King
74%
Axl Rose
68%
Ben Kingsley
51%
Orville Wright
45%
Kai Cenat
44%
Jimmy Donaldson
24%
Thomas Hewitt Jones
21%
Chris Rose
15%
No matching quizzes found
Score Distribution
Percent of People with Each Score
Percentile by Number Answered
Your Score History
You have not taken this quiz